Les relations internationales de 1945 à nos jours (notice n° 1554510)
[ vue normale ]
| 000 -LEADER | |
|---|---|
| fixed length control field | 01561cam a2200277zu 4500 |
| 003 - CONTROL NUMBER IDENTIFIER | |
| control field | FRCYB88935605 |
| 005 - DATE AND TIME OF LATEST TRANSACTION | |
| control field | 20251020123515.0 |
| 008 - FIXED-LENGTH DATA ELEMENTS--GENERAL INFORMATION | |
| fixed length control field | 251020s2022 fr | o|||||0|0|||fre d |
| 020 ## - INTERNATIONAL STANDARD BOOK NUMBER | |
| International Standard Book Number | 9782416007910 |
| 035 ## - SYSTEM CONTROL NUMBER | |
| System control number | FRCYB88935605 |
| 040 ## - CATALOGING SOURCE | |
| Original cataloging agency | FR-PaCSA |
| Language of cataloging | fr |
| Transcribing agency | |
| Description conventions | rda |
| 100 1# - MAIN ENTRY--PERSONAL NAME | |
| Personal name | Boniface, Pascal |
| 245 01 - TITLE STATEMENT | |
| Title | Les relations internationales de 1945 à nos jours |
| Remainder of title | De Yalta à la guerre en Ukraine |
| Statement of responsibility, etc. | ['Boniface, Pascal'] |
| 264 #1 - PRODUCTION, PUBLICATION, DISTRIBUTION, MANUFACTURE, AND COPYRIGHT NOTICE | |
| Name of producer, publisher, distributor, manufacturer | Eyrolles |
| Date of production, publication, distribution, manufacture, or copyright notice | 2022 |
| 300 ## - PHYSICAL DESCRIPTION | |
| Extent | p. |
| 336 ## - CONTENT TYPE | |
| Content type code | txt |
| Source | rdacontent |
| 337 ## - MEDIA TYPE | |
| Media type code | c |
| Source | rdamdedia |
| 338 ## - CARRIER TYPE | |
| Carrier type code | c |
| Source | rdacarrier |
| 520 ## - SUMMARY, ETC. | |
| Summary, etc. | Généalogie d'un monde Multipolaire De 1945 à nos jours, Pascal Boniface retrace de façon directe, claire et vivante l'histoire des relations internationales. Il met ainsi en lumière les précédents, les choix et les biais géopolitiques qui permettent de décrypter l'actualité et de percevoir le monde dans sa globalité. Foisonnante et explosive, la période contemporaine ne cesse de nous surprendre : cet essai pédagogique - mis à jour à l'aune des événements les plus récents (la crise sanitaire, la débâcle de Kaboul, la guerre en Ukraine...) - constitue la référence indispensable des lecteurs désireux de prendre du recul pour aborder la mondialisation de façon éclairée et le présent en connaissance de cause. |
| 650 #0 - SUBJECT ADDED ENTRY--TOPICAL TERM | |
| Topical term or geographic name entry element | |
| 700 0# - ADDED ENTRY--PERSONAL NAME | |
| Personal name | Boniface, Pascal |
| 856 40 - ELECTRONIC LOCATION AND ACCESS | |
| Access method | Cyberlibris |
| Uniform Resource Identifier | <a href="https://international.scholarvox.com/netsen/book/88935605">https://international.scholarvox.com/netsen/book/88935605</a> |
| Electronic format type | text/html |
| Host name | |
Pas d'exemplaire disponible.




Réseaux sociaux